Datum a čas kvízu
35
Celkem bodů
Celkový počet nahraných bodů na tomto kvízu bez doplňovacích otázek.
3.
Pořadí na kvízu
Konečné umístění týmu na tomto kvízu.
Zaznamenané odpovědi
| # | Otázka | Odpověď | Body | Výsledky |
|---|---|---|---|---|
| 1. | Jak se jmenuje bývalý vrcholný... | Jan Hamáček | 1 | |
| 2. | Minulý týden se stala hitem so... | Slovensko, ministerstvo kultury | 1 | |
| 3. | Jak se nazývá oblíbený komiks,... | Čtyřlístek | 1 | |
| 4. | Nejstarší hračkářství na světě... | Hamleys | 1 | |
| 5. | Pražská Sparta si z úvodního z... | 3:2 | 1 | |
| 6. | Obec s nejdelším názvem v Česk... | A | 1 | |
| 7. | Česká republika hraničí se čty... | 1A 2C 3D 4B | 1 | |
| 8. | Nejvýše položená železniční st... | Kubova | 1 | |
| 9. | V této otázce bude potřeba k z... | 1B 2C 3A 4D | 0 | |
| 10. | V České republice jsou čtyři ú... | NP Šumava | 0 |